Didi: (Record no. 44032)

MARC details
000 -LEADER
fixed length control field 01217njm a22002777a 4500
005 - DATE AND TIME OF LATEST TRANSACTION
control field 20100906124334.0
007 - PHYSICAL DESCRIPTION FIXED FIELD--GENERAL INFORMATION
fixed length control field sd ammalaaahaa
008 - FIXED-LENGTH DATA ELEMENTS--GENERAL INFORMATION
fixed length control field 100906t xxu||||| |||| 00| 0 hin d
028 ## - PUBLISHER NUMBER
Publisher number N. 53239
Source His Master's Voice
035 ## - SYSTEM CONTROL NUMBER
System control number GR-703
040 ## - CATALOGING SOURCE
Original cataloging agency SED/VEN
100 ## - MAIN ENTRY--PERSONAL NAME
Personal name Bhosle, Asha
9 (RLIN) 1184
245 ## - TITLE STATEMENT
Title Didi:
Remainder of title hindustani /
Statement of responsibility, etc by Asha Bhosle, Sudha Malhotra & Mukesh ; music by Dutta ; lyric by Sahir
Medium [sound recording] :
246 ## - VARYING FORM OF TITLE
Title proper/short title दीदी (आशा भोसले)
260 ## - PUBLICATION, DISTRIBUTION, ETC. (IMPRINT)
Place of publication, distribution, etc Dum Dum, India
Name of publisher, distributor, etc His Master's Voice
300 ## - PHYSICAL DESCRIPTION
Extent 1 sound disc [Gramophone record] :
Other physical details analog, 33. 1/3 rpm
Dimensions 10 in
Type of unit Gramophone record
500 ## - GENERAL NOTE
General note Brief record.
505 ## - FORMATTED CONTENTS NOTE
Formatted contents note Pyar Hi Mujhe Derkar Hai (Didi) (Asha Bhosle) प्यार ही मुझे दरकार है भाग १ , Tum Mujhe Bhool Bhi Jaavo (Sudha Malhotra & Mukesh) तुम मुझे भूल भी जावो भाग २
Uniform Resource Identifier <a href=" "> </a>
Title
650 ## - SUBJECT ADDED ENTRY--TOPICAL TERM
Topical term or geographic name as entry element Classical Music
General subdivision Excerpts
Geographic subdivision India
9 (RLIN) 18561
700 ## - ADDED ENTRY--PERSONAL NAME
Personal name Malhotra, Sudha
9 (RLIN) 18562
700 ## - ADDED ENTRY--PERSONAL NAME
Personal name Mukesh
9 (RLIN) 18608
700 ## - ADDED ENTRY--PERSONAL NAME
Personal name Dutta, N.
9 (RLIN) 18609
700 ## - ADDED ENTRY--PERSONAL NAME
Personal name Sahir
9 (RLIN) 18610
942 ## - ADDED ENTRY ELEMENTS (KOHA)
Source of classification or shelving scheme Dewey Decimal Classification
Item type Gramaphone Records
Holdings
Withdrawn status Lost status Source of classification or shelving scheme Damaged status Not for loan Home library Current library Date acquired Source of acquisition Total Checkouts Barcode Date last seen Copy number Price effective from Koha item type
    Dewey Decimal Classification   Not For Loan Central Library Central Library 06/09/2010 SED/VEN   GR-703 06/09/2010 1 06/09/2010 Gramaphone Records

© Delhi Public Library
Hit Counter
free hit counter